00646nam a22001577a 4500003000400000082001800004100001100022245017600033260004400209300000700253650004400260653005000304942001200354952010500366999001700471SGT a617.643bE22S aShikha aEffectiveness of manual, electric and ultrasonic toothbrushes on streptococcus mutans count in patients undergoing fixed orthodontic treatmentbA randomized clinical trial aGurugram, HaryanabSGT Universityc2022 a61 aOrthodontics & Dentofacial Orthopaedics aOrthodontics; Streptococcus; types of brushes 2ddccTH 00102ddc405171aFDbFDd2023-01-07l0o617.643 E22SpDT1459r2023-01-09 00:00:00w2023-01-09yTH c23680d23680